Biggest Trading Partners - Luxembourg - Statistics

General Stats
  • This quiz has been taken 503 times
  • The average score is 17 of 19
Answer Stats
exports imports country % Correct
3.46 bil 4.66 bil Germany
100%
0.31 bil 0.27 bil Spain
99%
1.51 bil 4.38 bil Belgium
98%
1.90 bil 2.20 bil France
98%
0.41 bil 1.27 bil United States
98%
0.73 bil 0.65 bil Netherlands
97%
0.45 bil 0.32 bil United Kingdom
97%
0.23 bil 0.47 bil China
96%
0.50 bil 0.51 bil Italy
95%
0.26 bil 0.23 bil Switzerland
94%
0.29 bil 0.25 bil Poland
93%
0.22 bil 0.13 bil Austria
91%
0.13 bil Russia
88%
0.18 bil Sweden
88%
0.50 bil Japan
87%
0.24 bil Canada
84%
0.15 bil 0.19 bil Czechia
77%
0.14 bil Turkey
73%
0.11 bil Indonesia
32%
No matching quizzes found
Score Distribution
Percent of People with Each Score
Percentile by Number Answered
Your Score History
You have not taken this quiz